| 000 | 01372cas a22002535a 4500 | ||
|---|---|---|---|
| 001 | L152183 | ||
| 008 | 110208c2010 xxktr w ss 0 a0eng d | ||
| 035 | _a(Sirsi) u152183 | ||
| 041 | 0 | _aeng | |
| 050 | _a333.33 $2 18 | ||
| 110 | 2 |
_aBNP Paribas Real Estate _95715 |
|
| 245 | 0 | 0 |
_aAt a glance _bEuropean markets _h[electronic resource] |
| 260 |
_a[S.l.] _bBNP Paribas Real Estate _c2010- |
||
| 362 | 0 | _aQ4 2009- | |
| 490 | 0 |
_aBNP Paribas Real Estate At A Glance European Markets _vQ4 2009- |
|
| 520 | _aAnalyses the performance of the European commercial property market during the period. Provides investment, office take-up , net prime office yield, prime office rent indexes and quarterly trends. Presents tables of investment and office market indicators for seven major European cities. | ||
| 554 | _aThree per year | ||
| 650 | 2 | 4 | _aBNP PARIBAS REAL ESTATE AT A GLANCE EUROPEAN MARKETS |
| 651 | 4 | _aEurope | |
| 690 | _aPROPERTY-COMMERCIAL PROPERTY-COMMERCIAL PROPERTY MARKET | ||
| 690 | _aPROPERTY-COMMERCIAL PROPERTY-COMMERCIAL PROPERTY FINANCE AND INVESTMENT | ||
| 856 | 4 | 0 |
_uhttps://www.realestate.bnpparibas.co.uk/pages/etudes_sectorielles/resultrecherche.php?alias=com_etude_recherche_eu&ctx=1&p=eu&l=en&s_wbg_menu=1252&l=en&r=534&t=bnppre&ctx=1&s_wbg_menu=1252&titre=1 _zView the report free of charge at www.realestate.bnpparibas.co.uk |
| 942 | _n0 | ||
| 999 |
_c119294 _d119294 |
||